<?xml version="1.0" encoding="UTF-8"?><?xml-stylesheet type="text/xsl" href="static/style.xsl"?><OAI-PMH xmlns="http://www.openarchives.org/OAI/2.0/" xmlns:xsi="http://www.w3.org/2001/XMLSchema-instance" xsi:schemaLocation="http://www.openarchives.org/OAI/2.0/ http://www.openarchives.org/OAI/2.0/OAI-PMH.xsd"><responseDate>2026-06-01T22:19:27Z</responseDate><request verb="GetRecord" identifier="oai:riuma.uma.es:10630/18021" metadataPrefix="marc">https://riuma.uma.es/rest/oai/request</request><GetRecord><record><header><identifier>oai:riuma.uma.es:10630/18021</identifier><datestamp>2026-02-03T11:03:39Z</datestamp><setSpec>com_10630_2254</setSpec><setSpec>col_10630_37953</setSpec></header><metadata><record xmlns="http://www.loc.gov/MARC21/slim" xmlns:dcterms="http://purl.org/dc/terms/" xmlns:doc="http://www.lyncode.com/xoai" xmlns:xsi="http://www.w3.org/2001/XMLSchema-instance" xsi:schemaLocation="http://www.loc.gov/MARC21/slim http://www.loc.gov/standards/marcxml/schema/MARC21slim.xsd">
   <leader>00925njm 22002777a 4500</leader>
   <datafield ind2=" " ind1=" " tag="042">
      <subfield code="a">dc</subfield>
   </datafield>
   <datafield ind2=" " ind1=" " tag="720">
      <subfield code="a">Segata, Monica</subfield>
      <subfield code="e">author</subfield>
   </datafield>
   <datafield ind2=" " ind1=" " tag="720">
      <subfield code="a">Marinoni, Nicoletta</subfield>
      <subfield code="e">author</subfield>
   </datafield>
   <datafield ind2=" " ind1=" " tag="720">
      <subfield code="a">Galimberti, Matteo</subfield>
      <subfield code="e">author</subfield>
   </datafield>
   <datafield ind2=" " ind1=" " tag="720">
      <subfield code="a">Marchi, Maurizio</subfield>
      <subfield code="e">author</subfield>
   </datafield>
   <datafield ind2=" " ind1=" " tag="720">
      <subfield code="a">Cantaluppi, Marco</subfield>
      <subfield code="e">author</subfield>
   </datafield>
   <datafield ind2=" " ind1=" " tag="720">
      <subfield code="a">Pavese, Alessandro</subfield>
      <subfield code="e">author</subfield>
   </datafield>
   <datafield ind2=" " ind1=" " tag="720">
      <subfield code="a">Gómez-de-la-Torre, María de los  Ángeles</subfield>
      <subfield code="e">author</subfield>
   </datafield>
   <datafield ind2=" " ind1=" " tag="260">
      <subfield code="c">2019-07-02</subfield>
   </datafield>
   <datafield ind2=" " ind1=" " tag="520">
      <subfield code="a">The present investigation deals with how minor elements (their oxides: MgO, Na2O and SO3) in industrial kiln&#xd;
feeds affect (i) chemical reactions upon clinkering, (ii) resulting phase composition and microstructure of&#xd;
clinker, (iii) hydration process during cement production.&#xd;
Our results show that all these points are remarkably sensitive to the combination and interference effects&#xd;
between the minor chemical species mentioned above.&#xd;
Upon clinkering, all the industrial raw meals here used exhibit the same formation temperature and amount&#xd;
of liquid phase. Minor elements are preferentially hosted by secondary phases, such as periclase. Conversely, the&#xd;
growth rate of the main clinker phases (alite and belite) is significantly affected by the nature and combination&#xd;
of minor oxides. MgO and Na2O give a very fast C3S formation rate at T > 1450 K, whereas Na2O and SO3 boost&#xd;
C2S&#xd;
After heating, if SO3 occurs in combination with MgO and/or Na2O, it does not inihibit the C3S crystallisation&#xd;
as expected. Rather, it promotes the stabilisation of M1-C3S, thus indirectly influencing the aluminate content,&#xd;
too. MgO increseases the C3S amount and promotes the stabilisation of M3-C3S, when it is in combination with&#xd;
Na2O. Na2O seems to be mainly hosted by calcium aluminate structure, but it does not induce the stabilisation of&#xd;
the orhtorhombic polymorph, as supposed to occur. Such features play a key role in predicting the physicalmechanical&#xd;
performance of a final cement (i.e. rate of hydration and hardening) when used as a bulding material.</subfield>
   </datafield>
   <datafield ind1="8" ind2=" " tag="024">
      <subfield code="a">https://hdl.handle.net/10630/18021</subfield>
   </datafield>
   <datafield ind1="8" ind2=" " tag="024">
      <subfield code="a">10.1016/j.matchar.2019.109809</subfield>
   </datafield>
   <datafield ind2="0" ind1="0" tag="245">
      <subfield code="a">The effects of MgO, Na2O and SO3 on industrial clinkering process: phase composition, polymorphism, microstructure and hydration, using a multidisciplinary approach</subfield>
   </datafield>
</record>
</metadata></record></GetRecord></OAI-PMH>